000 00637nam a22002297a 4500
003 UA-OsUOA
001 39224
007 ta
008 20060613b un ||||| |||| 00| 0 ukr d
100 _aВомперский В.П.
090 _a81'374.3
_bВ72
942 _cBK
040 _aUA-OsUOA
_brus
_cUA-OsUOA
_dUA-OsUOA
245 _aСловари ХVІІІ века
300 _a135 с.
955 _a2
041 _arus
080 _a81'374.3
260 _aМ.
_bНаука
_c1986
650 7 _a8 Мовознавство. Художня література. Літературознавство
_2UDC
999 _c325371
_d325371